Chemická technologie textilní : pomoc. kniha pro 3. roč. prům. škol textilních, obor zušlechťovačský : určeno barvířům, mistrům a techn. Kn. 5, Barvení hedvábí

Uložené v:
Podrobná bibliografia
Hlavný autor: Felix, Václav 1901-1962 (Author)
Médium: Kniha
Jazyk:Czech
Vydané: Praha : Státní nakladatelství technické literatury, 1957.
Vydanie:1. vyd.
Edícia:Řada textilní literatury
ISBN: (viaz.)
Fyzický popis: 283 s.
Tagy: Pridať tag
Žiadne tagy, Buďte prvý kto otaguje tento záznam!

MARC

LEADER 00000cam a22000007a 4500
001 000463582
005 20150411113922.0
008 981020 1957 xr e cze d
020 |a (viaz.)  |c Kčs 24,80 
040 |a SVKKK  |b slo  |c SVKKK  |e AACR2 
041 0 |a cze 
044 |a xr  |c CZ 
100 1 |a Felix, Václav  |d 1901-1962  |4 aut 
245 1 0 |a Chemická technologie textilní :  |b pomoc. kniha pro 3. roč. prům. škol textilních, obor zušlechťovačský : určeno barvířům, mistrům a techn.  |n Kn. 5,  |p Barvení hedvábí  |c Václav Felix. 
246 3 0 |a Barvení hedvábí 
250 |a 1. vyd. 
260 |a Praha :  |b Státní nakladatelství technické literatury,  |c 1957. 
300 |a 283 s. 
366 |e 1500 výt. 
490 1 |a Řada textilní literatury 
500 |a Zoznam technolog. postupov používaných v našich n. podn. 
504 |a Obsahuje bibliografiu a register 
500 |a Pozn. 
830 0 |a Řada textilní literatury 
910 |a svkkk 
998 |a BK 
090 |g SCKHL  |k Sklad Pribinova 1. posch.  |a IV.12348  |j 143744  |i 463582-20  |s Prezenčne 
090 |g SCKHL  |k Sklad Pribinova 1. posch.  |a IV.16190  |j 155209  |i 463582-10  |s Prezenčne